| 000 | 00840 a2200229 4500 | ||
|---|---|---|---|
| 005 | 2008081908518.0 | ||
| 008 | 080819t xxu||||| |||| 00| 0 eng d | ||
| 010 | _aENG-84727 | ||
| 020 |
_a8120327837 _c350.00 |
||
| 035 | _aEN-68260 | ||
| 037 | _bDBAD / PUB | ||
| 040 |
_adpl _bEnglish |
||
| 082 | _a621.319 | ||
| 100 | _aBandyopadhyay, M. N. | ||
| 245 |
_aElectrical power systems _bTheory and practice _cby M. N. Bandyopadhyay |
||
| 260 |
_aNew Delhi _bPrentice-Hall of India _c2006. |
||
| 300 |
_axvi, 580 p. _bill. _c24 cm.(Pbk) |
||
| 500 | _aIncludes index | ||
| 650 |
_aElectric power systems _xTheory. |
||
| 942 |
_adpl _cEN _k321.319 / BAN _2ddc _h321.319 _mBAN |
||
| 999 |
_c175 _d175 |
||